000 00802nam a2200253Ia 4500
003 OSt
005 20220925194000.0
006 a|||||r|||| 00| 0
007 ta
008 220923b |||||||| |||| 00| 0 eng d
020 _a9781107401457
_c2584.6799999999998
037 _bRKBA\09-10\4649, 13/06/2012, RAJKIRAN BOOK AGENCY
_cGeneral Book
040 _aRTL
_cRTL
_beng
041 _2eng
_aeng
082 _aY:438:(Z), Q1
100 _aDinstein Yoram
_9249906
245 0 _aWar aggression and self-defence
250 _a5
260 _aCambridge
_bCambridge University Press
_c2011
300 _axxxiii,375p
_ccm.
650 _aSociology
942 _hY:438:(Z), Q1
_cGB
_2CC
999 _c527758
_d527758